00442 2200157 4500001002100000008004100021035002000062245005200082100001700134260004500151300002700196020002300223084001600246082001000262990001200272INLIS000000000001411 Ind  a0010-0924000008 aEnsiklopedia Desa Industri KreatifcReza Camara aCamara, Reza aJakartabPT. Educarindo Compumediac2016 a136 hlm.c17,5 x 25 cm a978-979-30901-78-7 a670.3 REZ e a670.3 a0750912